Elements with Missing Words - Statistics

General Stats
  • This quiz has been taken 33 times
  • The average score is 14 of 20
Answer Stats
Hint Element % Correct
Chinese chess Ar{go}n
100%
Vehicle {Car}bon
100%
Russian river C{ob}alt
100%
Every G{all}ium
100%
Not young G{old}
100%
Salamander H{olm}ium
100%
Actor Seth Hyd{rogen}
100%
Lots Kryp{ton}
100%
Scary clown L{it}hium
100%
Medieval guitar {Lute}tium
100%
Tetris console Mag{nes}ium
100%
British for college Nept{uni}um
100%
Not off Nih{on}ium
100%
Jupiter's moon N{io}bium
100%
Monster loch Oga{ness}on
100%
Image Sil{icon}
100%
Before Fri {Thu}lium
100%
Musician Brian X{eno}n
100%
New {Neo}dymium
92%
Eye of _____ Phosp{horus}
92%
Pumbaa's friend An{timon}y
90%
River crossing Ruther{ford}ium
90%
Animal hair Sul{fur}
90%
Either B{or}on
88%
Not a planet {Pluto}nium
88%
Capital of Italy P{rome}thium
88%
More than nine Tungs{ten}
88%
Insect T{ant}alum
86%
Company abbr. Z{inc}
86%
Sweet Child O' ____ Bro{mine}
83%
Louse {Nit}rogen
83%
Star Trek alien Sea{borg}ium
83%
Scam Zir{con}ium
83%
Your in a text E{ur}opium
80%
Lair Molyb{den}um
80%
Yoke puller {Ox}ygen
80%
Nothing but ___ Tech{net}ium
80%
Leads to the stairs T{hall}ium
80%
Walked but faster F{ran}cium
78%
Short for Benz {Merc}ury
78%
Pronoun {He}lium
75%
Come ____ with me Io{dine}
75%
Jeans brand Mende{levi}um
75%
Expresses surprise B{oh}rium
71%
Fish eggs {Roe}ntgenium
71%
Quickly! A{stat}ine
67%
Filth Bi{smut}h
67%
Illness {Flu}orine
67%
Organ {Liver}morium
67%
Decay P{rot}actinium
67%
___ Quixote Ra{don}
67%
Seven of them Tennes{sin}e
67%
Year of our lord Le{ad}
63%
Bad feeling N{ick}el
63%
Has a hammer {Thor}ium
58%
Equips D{arms}tadtium
57%
Goes with more Lan{than}um
57%
Is unconjugated No{be}lium
57%
Donkey Pot{ass}ium
57%
Perform {Act}inium
50%
Anime book {Manga}nese
50%
Horse sport {Polo}nium
50%
Not now Ru{then}ium
50%
Sea in Spanish Sa{mar}ium
50%
Not out T{in}
50%
Cartman Am{eric}ium
43%
First Arabic letter C{alif}ornium
43%
Owns {Has}sium
43%
Brown bird La{wren}cium
40%
E.g. Windows {Os}mium
40%
At an auction Ru{bid}ium
40%
Pub {Bar}ium
33%
German for one {Eins}teinium
33%
Old language P{latin}um
33%
Cock's mate R{hen}ium
33%
Get by {Cope}rnicium
25%
Slang for victory {Dub}nium
25%
Overwatch hero {Mei}tnerium
25%
Inform {Tell}urium
20%
Chore {Iron}
0%
A London theatre {Palladium}
0%
Awesome {Rad}ium
0%
Comedian Gilbert {Rhod}ium
0%
E.g. an X-ray {Scan}dium
0%
British insult {Sod}ium
0%
Giant {Titan}ium
0%
No matching quizzes found
Score Distribution
Percent of People with Each Score
Percentile by Number Answered
Your Score History
You have not taken this quiz